Basic principles of education / (Record no. 3198)

MARC details
000 -LEADER
fixed length control field 00561nam a22001932 4500
001 - CONTROL NUMBER
control field 0000007404
005 - DATE AND TIME OF LATEST TRANSACTION
control field 20151217145837.0
008 - FIXED-LENGTH DATA ELEMENTS--GENERAL INFORMATION
fixed length control field 080123s xx 000 0 eng d
020 ## - INTERNATIONAL STANDARD BOOK NUMBER
International Standard Book Number 8173916950 :
Terms of availability KES 3640
040 ## - CATALOGING SOURCE
Original cataloging agency KABU
Transcribing agency KABU
100 1# - MAIN ENTRY--PERSONAL NAME
Personal name Sharma, Shashi Prabha.
-- 0000158645
245 10 - TITLE STATEMENT
Title Basic principles of education /
Statement of responsibility, etc. Shashi Prabha Sharma.
260 ## - PUBLICATION, DISTRIBUTION, ETC. (IMPRINT)
Place of publication, distribution, etc. New Delhi :
Name of publisher, distributor, etc. Kanishka,
Date of publication, distribution, etc. 2004.
300 ## - PHYSICAL DESCRIPTION
Extent xviii, 390 p.
650 #0 - SUBJECT ADDED ENTRY--TOPICAL TERM
Topical term or geographic name as entry element Education.
-- 0000151814
908 ## - PUT COMMAND PARAMETER (RLIN)
Put command parameter 080123
950 ## - LOCAL HOLDINGS (RLIN)
-- 1
Holdings
Withdrawn status Lost status Source of classification or shelving scheme Not for loan Home library Current library Date acquired Total Checkouts Full call number Barcode Date last seen Date last checked out Price effective from Koha item type
    Library of Congress Classification   Kabarak, Main Campus Kabarak, Main Campus 17/12/2015 3 LB14.7 .S53 012840 20/01/2025 16/01/2025 17/12/2015 General Collection
Designed with assistance from East African Informatics Ltd